000 00391nam a2200133Ia 4500
005 20251222144743.0
008 251222s9999||||xx |||||||||||||| ||spa||
020 _a958-20-0707-6
082 _a375.001/I21
100 _aIafrancesco Villegas, Giovanni Marcelo
245 0 _aNuevos Fundamentos para la Transformación Curricular:
264 _bCooperativa Editorial Magisterio
942 _cLIB
999 _c19029
_d19029